000 01074cam a2200313Mi 4500
001 51183
005 20230411090005.0
008 050503s2005 sp 000 0 spa d
035 _a(OCoLC)ocm60317392
040 _aPL#
_bspa
_cPL#
020 _a848452342X
020 _a9788484523420
029 0 _aPL#
_b848452342X
035 _a(OCoLC)60317392
049 _aGRAL
100 1 _aWrong, Michela,
_d1961-
245 1 0 _aTras los pasos del señor Kurtz :
_bel Congo al borde del colapso /
_cMichela Wrong.
260 _aBarcelona :
_bIntermón,
_c2005.
300 _a272 p. ;
_c22 cm.
440 0 _aColección Libros de encuentro ;
_v16
500 _aReferencias bibliográficas . -- Título original: In the footsteps of Mr. Kurtz.
653 _aMobutu Sese Seko, 1930- .
653 _aCongo (República Democrática)
_aPolítica y gobierno
_a1960-1997.
653 _aCongo (República Democrática)
_aPolítica y gobierno
_a1997- .
938 _aPuvill Libros
_bPUVL
_n848452342X
_c$28.05
942 _2lcc
_cbk
994 _aC0
_bDRFGD
946 _aLspaulino
999 _c110533
_d110533